01948agaaa2200289 45000010005000000030009000050050017000140070009000310080040000400400023000800410013001031000052001161300037001682450142002052500022003472600103003693000033004725080080005055200702005855380016012875460013013036500075013167000069013917000064014607000064015247000070015884688IT-RoPAU20220918181256.0d cvaizq50131s9999||||xx ||| | || ||und|| aIT-RoPAUcIT-RoPAU aITALIANO aDi Diodato RobertogCodice regista SPICS: 55765 aGIUDAISMO AL TEMPO DI GESU' (IL) aGIUDAISMO AL TEMPO DI GESU' (IL)cDiretto da: Di Diodato RobertopGIUDAISMO AL TEMPO DI GESU' (IL) (Rif. Codice opera principale : H4688) aEdizione Standard aMILANO (ITALIA)bTELENOVA - SAT2000 - ITA 2003 / g"2003 (1° ed.: 2004 ; Ed. Lingua Orig.: n.d.)" aVHSbsonoro, col.c55 minuti a"Montaggio: Alba Maurizio; Soggetto: Borgonovo Gianantonio -- Gironi Primo" a"SECONDA DELLE TRE VIDEOCASSETTE DELLA COLLANA IL CAMMINO DI DIO CON L'UOMO.E' LA PIU' RECENTE E APPROFONDITA INDAGINE SULLE PAGINE PIU' DIFFICILI E MENO CONOSCIUTE DELL'ANTICO TESTAMENTO. UNA SPECIE DI GRANDE QUARK CHE INTENDE AVVICINARE LA GENTE ALLA PAROLA DI DIO PER FARNE SCOPRIRE IL FASCINO ETERNO E MISTERIOSO. LE IMMAGINI SONO STATE GIRATE NEI LUOGHI PIU' IMPORTANTI E NEI SITI ARCHEOLOGICI PIU' ANTICHI E SUGGESTIVI DEL VICINO ANTICO ORIENTE. IN QUESTA VIDEOCASSETTA: GIUDAISMO O GIUDAISMI?; IL GRUPPO DEI FARISEI; ISADDUCEI; LA COMUNITA' DEGLI ESSENI; LA SETTA DEGLI ZELOTI; I SICARI; I LEADERS RIVOLUZIONARI; GLI ESSENI DI QUMRAN; I ROTOLI DEL MAR MORTO; GIOVANNIBATTISTA E GLI ESSENI." aPAL, STEREO aITALIANO aDOCUMENTARIOeTV-PROGRAMMI RELIGIOSI [VHS]xCodice MATERIA SPICS: 9963 aBorgonovo Gianantonio e(soggetto)gCodice Soggetto SPICS: 57465 aDi Diodato Roberto e(regista)gCodice regista SPICS: 55765 aGironi Primo e(soggetto)gCodice Soggetto 2° SPICS: 34827 aGiuliani Stefaniae(regista)gCodice secondo regista SPICS: 57464